Análisis estadístico de experimentos: principios básicos

Сохранить в:
Библиографические подробности
Главный автор: Jodar, B (Автор)
Формат:
Язык:испанский
Опубликовано: Madrid Alhambra 1981
Серии:Vertix. Textos Auxiliares de Clases Prácticas, 47
Предметы:
Метки: Добавить метку
Нет меток, Требуется 1-ая метка записи!

MARC

LEADER 00000nam a2200000 a 4500
001 UCP0202
003 CL-VaPUC
008 990305e19810000SP |||||||||||||||||spa|d
082 0 4 |a 519.2  |b JOD  |2 21 
100 0 |a Jodar, B  |e author  |9 425198 
245 1 0 |a Análisis estadístico de experimentos: principios básicos 
300 |a 161 p 
942 |c BK 
945 |d 19990305 00:00:00  |a cmena 
260 |a Madrid  |b Alhambra  |c 1981 
650 0 |a Estadística matemática  |9 260028 
650 0 |a Funciones analíticas  |9 270036 
650 0 |a Inferencia estadística  |9 312855 
650 7 |a HIPOTESIS  |2 CL-VaPUC  |9 425199 
650 0 |a Análisis de varianza   |9 336938 
650 0 |a Investigación científica  |9 259857 
650 0 |a Números complejos  |9 270335 
650 0 |a Análisis complejo   |9 260214 
583 |a last modification  |c 19990305 00:00:00  |k Rodrigo Vera 
490 0 |a Vertix. Textos Auxiliares de Clases Prácticas, 47 
999 |c 279042  |d 279040 
952 |0 0  |1 0  |4 0  |6 519_200000000000000_JOD_1981  |7 0  |8 A  |9 317943  |a BIBGIM  |b BIBGIM  |d 2019-11-20  |i 1498126  |o 519.2 JOD 1981  |p 1498126  |r 2025-01-15  |w 2019-11-20  |y BK  |k EST